000 00654nam a2200277Ia 4500
005 20260324124321.0
008 008 260324s9999 xx 000 0 eng d
020 _a9781315223674
037 _aEBOOK
040 _aCRL
040 _beng
040 _cCRL
041 _2eng
041 _aeng
084 _qCRL
100 _aJo Michaelson; Dale Lund
_91173683
245 0 _aStep into Our Lives at the Funeral Home
260 _bTaylor and Francis
260 _c2010
365 _a
365 _b71.99
856 _uhttp://www.taylorfrancis.com/books/9781315223674
942 _cEBOOK
999 _c1767969
_d1767969